Представление документа в формате MARC21

Поле Инд. ПП Название Значение
Тип записи a
Библиографический уровень b
001 Контрольный номер RU/IS/BASE/421950834
005 Дата корректировки 20260413123603.7
008 Кодируемые данные 20130515
041 a Код языка текста eng
084 a Индекс другой классификации/Индекс ББК 60.8(2Рос); 65.291.34(2Рос); 65.433
100 1_ a Автор Пикулёва О. А.
q Полное имя Пикулёва Оксана Анатольевна
245 a Заглавие Религиозный туризм в системе брендинга территории (на примере Ленинградской области)
500 a Примечание Аннотация статьи на английском языке: с. 209
504 a Библиография Лит. в конце статьи.
520 a Аннотация Феномен брендинга территорий привлекает исследователей, пытающихся разобраться в его содержательной наполненности, методологии и практике его системного использования. Цель статьи - показать возможности религиозного туризма для формирования бренда региона, выявить проблемные места брендинга региона, наметить перспективные направления его развития.
650 a Основная рубрика индустрия гостеприимства и туризма
a Основная рубрика маркетинг
a Основная рубрика социальное управление
a Основная рубрика экономика
a Основная рубрика экономика предприятия
a Основная рубрика экономика туризма
653 a Ключевые слова бренды
a Ключевые слова бренды региона
a Ключевые слова брендинг
a Ключевые слова брендинг территорий
a Ключевые слова имидж
a Ключевые слова коммуникационная политика
a Ключевые слова Ленинградская область
a Ключевые слова маркетинг гостеприимства
a Ключевые слова маркетинг территорий
a Ключевые слова регионы России
a Ключевые слова религиозный туризм
a Ключевые слова Россия
a Ключевые слова туризм
a Ключевые слова управление брендом (бренд-менеджмент)
a Ключевые слова управление туризмом
a Ключевые слова эффективность управления
773 t Заглавие источника Вопросы государственного и муниципального управления
d Дата издания источника 2012
g Прочая информация № 4. - С. 194 - 205 : диагр.
w Контрольный № источника RU/IS/BASE/414172742
901 t Тип документа b